Josh McDowell's handbook on counseling youth. (Record no. 12481)

000 -LEADER
fixed length control field 00736nam a2200229 a 4500
001 - CONTROL NUMBER
control field :::00010283$&:&@@
003 - CONTROL NUMBER IDENTIFIER
control field OkBaRHE
005 - DATE AND TIME OF LATEST TRANSACTION
control field 20100401165122.0
008 - FIXED-LENGTH DATA ELEMENTS--GENERAL INFORMATION
fixed length control field s1996 j 000 0 eng u
040 ## - CATALOGING SOURCE
Transcribing agency
100 1# - MAIN ENTRY--PERSONAL NAME
Personal name McDowell, Josh.
245 10 - TITLE STATEMENT
Title Josh McDowell's handbook on counseling youth.
260 ## - PUBLICATION, DISTRIBUTION, ETC. (IMPRINT)
Place of publication, distribution, etc Dallas, TX., :
Name of publisher, distributor, etc Word Publishing
Date of publication, distribution, etc 1996
300 ## - PHYSICAL DESCRIPTION
Extent 542 p. ;
Dimensions 23 cm.
650 ## - SUBJECT ADDED ENTRY--TOPICAL TERM
Topical term or geographic name as entry element Teenagers
General subdivision Pastoral counseling of
650 ## - SUBJECT ADDED ENTRY--TOPICAL TERM
Topical term or geographic name as entry element Teenagers
General subdivision Religious Life.
650 ## - SUBJECT ADDED ENTRY--TOPICAL TERM
Topical term or geographic name as entry element Youth
General subdivision Pastoral counseling of.
650 ## - SUBJECT ADDED ENTRY--TOPICAL TERM
Topical term or geographic name as entry element Youth
General subdivision Religious Life
700 ## - ADDED ENTRY--PERSONAL NAME
Personal name Hostetler, Bob.
942 ## - ADDED ENTRY ELEMENTS (KOHA)
Source of classification or shelving scheme
Koha item type Books
Copies
Price effective from Date last seen Koha item type Shelving location Lost status Date acquired Not for loan Source of classification or shelving scheme Permanent Location Copy number Full call number Withdrawn status Barcode Current Location Damaged status
2010-04-142010-04-14BooksGeneral Stacks 2010-04-14  RHEMA Bible Training College1BV 4447 .M36 1996 10283  
2011-11-052011-11-05BooksGeneral Stacks 2011-11-05  RHEMA Bible Training College2BV 4447 .M36 1996 22308RHEMA Bible Training College